Αντιλήψεις εκπαιδευτικών πρωτοβάθμιας εκπαίδευσης για την εννοιολογική περιοχή της ενέργειας : μεταπτυχιακή διατριβή

Αποθηκεύτηκε σε:
Λεπτομέρειες βιβλιογραφικής εγγραφής
Κύριος συγγραφέας: Τάραλη, Ευδοκία
Άλλοι συγγραφείς: Δημητρίου, Αναστασία (Εισηγητής διατριβής)
Μορφή: Thesis Βιβλίο
Γλώσσα:Greek
Δημοσίευση: Ρόδος : Πανεπιστήμιο Αιγαίου, Σχολή Ανθρωπιστικών Επιστημών, Τμήμα επιστημών της Προσχολικής Αγωγής και του Εκπαιδευτικού Σχεδιασμού, 2006
Θέματα:
Ετικέτες: Προσθήκη ετικέτας
Δεν υπάρχουν, Καταχωρήστε ετικέτα πρώτοι!

MARC

LEADER 00000cam a2200000 i 4500
001 1/31974
008 060705s2006 gre d
035 |l 10084553 
040 |a GR-MY-UA  |b gre  |e aacr 
041 0 |a gre 
082 0 |a 370.190973  |2 (22) 
100 1 |a Τάραλη, Ευδοκία. 
245 1 0 |a Αντιλήψεις εκπαιδευτικών πρωτοβάθμιας εκπαίδευσης για την εννοιολογική περιοχή της ενέργειας :  |b μεταπτυχιακή διατριβή /  |c Ευδοκία Ταραλή ; τριμελής συμβουλευτική επιτροπή Αναστασία Δημητρίου (επιβλέπουσα), Φραγκίσκος Καλαβάσης, Χρήστος Γκόβαρης 
260 |a Ρόδος :   |b Πανεπιστήμιο Αιγαίου, Σχολή Ανθρωπιστικών Επιστημών, Τμήμα επιστημών της Προσχολικής Αγωγής και του Εκπαιδευτικού Σχεδιασμού,   |c 2006 
300 |a 263 σ.;  |b πιν.;  |c 30 εκ. 
500 |a Τριμελής συμβουλευτική επιτροπή Αναστασία Δημητρίου (επιβλέπουσα), Φραγκίσκος Καλαβάσης, Χρήστος Γκόβαρης 
502 # # |a Διατριβή (μεταπτυχιακή) – Πανεπιστήμιο Αιγαίου, Ρόδος, 2006. 
504 |a Περιέχει παράρτημα 
610 2 0 |a University of the Aegean  |x Dissertations. 
650 0 0 |a Dissertations, Academic. 
650 0 0 |a Environmental education. 
650 0 0 |a Teachers  |x Attitudes  |x Case studies. 
700 1 |a Δημητρίου, Αναστασία.  |4 ths 
852 |a INST  |b RHODES  |c DIATR  |e 20060705  |h 370.190973 ΤΑΡ  |p 005400024820  |q 005400024820  |t MTXE  |y 23 
852 |a INST  |b RHODES  |c DIATR  |e 20060705  |h 370.190973 ΤΑΡ  |p 005400024821  |q 005400024821  |t MTXE  |y 23 
901 |a BIBL4-2006-2 
909 |a Ρ  |b 123772 
909 |a Ρ  |b 123773 
924 |a ΤΑΡΑΛΗ  |b ΕΥΔΟΚΙΑ  |y ΡΟΔΟΣ  |z 2006-06 
970 |a ΣΙΔΕΡΗ  |b ΝΕΚΤΑΡΙΑ  |z 2006/07/05